000 00289nam a22001337a 4500
008 170512b xxu||||| |||| 00| 0 eng d
020 _a0195025555
041 _aeng
080 _23RD
_a94
100 _a16
101 _aSHH
245 _aA WORLD HISTORY
_cMCNEILL, W.H
942 _2udc
_cBK
999 _c13313
_d13313